[Event "European Online Club-ch-A 2021"]
[Site "Online"]
[Date "2021.03.27"]
[Round "1.17"]
[White "Jakubowski, Krzysztof"]
[Black "Zavgorodniy, Sergiy"]
[Result "1-0"]
[WhiteElo "2497"]
[BlackElo "2418"]
[Annotator "ChessBase"]
[PlyCount "105"]
[EventDate "2021.03.27"]
[EventType "team-tourn"]
[EventCountry "NET"]
[SourceTitle "playchess.com"]
[Source "ChessBase"]
[SourceQuality "1"]
[TimeControl "900+5"]

1. e4 {[%emt 0:00:00]} e5 {[%emt 0:00:06]} 2. Nf3 {[%emt 0:00:05]} d6 {[%emt 0:00:03]} 3. d4 {[%emt 0:00:07]} exd4 {[%emt 0:00:02]} 4. Nxd4 {[%emt 0:00:04]} Nf6 {[%emt 0:00:02]} 5. Nc3 {[%emt 0:00:05]} Be7 {[%emt 0:00:03]} 6. Bc4 {[%emt 0:00:26]} O-O {[%emt 0:00:04]} 7. Bf4 {[%emt 0:00:08]} c6 {[%emt 0:00:30]} 8. O-O {[%emt 0:00:12]} b5 {[%emt 0:00:23]} 9. Bb3 {[%emt 0:00:04]} Qc7 {[%emt 0:02:34]} 10. Re1 {[%emt 0:01:05]} Nbd7 {[%emt 0:00:26]} 11. Nf5 {[%emt 0:01:49]} Ne5 {[%emt 0:00:04]} 12. Nxe7+ {[%emt 0:00:09]} Qxe7 {[%emt 0:00:03]} 13. h3 {[%emt 0:00:02]} a5 {[%emt 0:00:32]} 14. a3 {[%emt 0:00:31]} a4 {[%emt 0:00:03]} 15. Ba2 {[%emt 0:00:05]} Be6 {[%emt 0:00:03]} 16. Bxe5 {[%emt 0:04:12]} dxe5 {[%emt 0:00:05]} 17. Qe2 {[%emt 0:00:03]} Nd7 {[%emt 0:00:53]} 18. Bxe6 {[%emt 0:00:21]} Qxe6 {[%emt 0:00:05]} 19. Na2 {[%emt 0:00:11]} Nb6 {[%emt 0:01:34]} 20. Nb4 {[%emt 0:00:12]} Nc4 {[%emt 0:00:25]} 21. c3 {[%emt 0:00:08]} Rfd8 {[%emt 0:00:57]} 22. Rad1 {[%emt 0:00:06]} h5 {[%emt 0:00:13]} 23. h4 {[%emt 0:01:03]} g6 {[%emt 0:00:18]} 24. g3 {[%emt 0:00:04]} Kg7 {[%emt 0:00:06]} 25. Kg2 {[%emt 0:00:13]} Rac8 {[%emt 0:00:11]} 26. Kg1 {[%emt 0:00:43]} Qg4 {[%emt 0:01:30]} 27. Qxg4 {[%emt 0:02:34]} hxg4 {[%emt 0:00:04]} 28. Rxd8 {[%emt 0:00:02]} Rxd8 {[%emt 0:00:03]} 29. Nxc6 {[%emt 0:00:01]} Rd2 {[%emt 0:00:21]} 30. Rb1 {[%emt 0:00:03]} f6 {[%emt 0:01:08]} 31. Na7 {[%emt 0:00:28]} Nxb2 {[%emt 0:02:51]} 32. Nxb5 {[%emt 0:00:11]} Nd1 {[%emt 0:00:08]} 33. Rb4 {[%emt 0:00:56]} Nxf2 {[%emt 0:00:35]} 34. Rxa4 {[%emt 0:00:07]} f5 {[%emt 0:00:10]} 35. Ra7+ {[%emt 0:00:16]} Kf8 {[%emt 0:00:23]} 36. exf5 {[%emt 0:00:08]} gxf5 {[%emt 0:00:03]} 37. h5 {[%emt 0:00:16]} f4 {[%emt 0:00:27]} 38. h6 {[%emt 0:00:45]} Nh3+ {[%emt 0:00:02]} 39. Kf1 {[%emt 0:00:02]} f3 {[%emt 0:00:33]} 40. Ke1 {[%emt 0:00:01]} Re2+ {[%emt 0:00:03]} 41. Kd1 {[%emt 0:00:02]} Nf2+ {[%emt 0:00:04]} 42. Kc1 {[%emt 0:00:02]} Nd3+ {[%emt 0:00:02]} 43. Kd1 {[%emt 0:00:01]} Rh2 {[%emt 0:00:04]} 44. h7 {[%emt 0:00:02]} Nf2+ {[%emt 0:00:07]} 45. Ke1 {[%emt 0:00:09]} Ne4 {[%emt 0:00:03]} 46. Ra8+ {[%emt 0:00:07]} Kg7 {[%emt 0:00:03]} 47. h8=Q+ {[%emt 0:00:03]} Rxh8 {[%emt 0:00:02]} 48. Rxh8 {[%emt 0:00:02]} Kxh8 {[%emt 0:00:02]} 49. a4 {[%emt 0:00:01]} Nc5 {[%emt 0:00:17]} 50. a5 {[%emt 0:00:07]} e4 {[%emt 0:00:05]} 51. Kf2 {[%emt 0:00:07]} Nd3+ {[%emt 0:00:11]} 52. Ke3 {[%emt 0:00:04]} Ne5 {[%emt 0:00:02]} 53. Nd6 {[%emt 0:00:10]} 1-0

[Event "European Online Club-ch-A 2021"]
[Site "Online"]
[Date "2021.03.27"]
[Round "1.18"]
[White "Grinev, Valeriy"]
[Black "Schmidek, Emil"]
[Result "0-1"]
[WhiteElo "2441"]
[BlackElo "2402"]
[Annotator "NA"]
[PlyCount "94"]
[EventDate "2021.03.27"]
[EventType "team-tourn"]
[EventCountry "NET"]
[SourceTitle "playchess.com"]
[Source "ChessBase"]
[SourceQuality "1"]
[TimeControl "900+5"]

1. c4 {[%emt 0:00:00]} e6 {[%emt 0:00:02]} 2. Nf3 {[%emt 0:00:04]} Nf6 {[%emt 0:00:05]} 3. g3 {[%emt 0:00:01]} d5 {[%emt 0:00:01]} 4. d4 {[%emt 0:00:02]} dxc4 {[%emt 0:00:03]} 5. Qa4+ {[%emt 0:00:02]} Nbd7 {[%emt 0:00:19]} 6. Bg2 {[%emt 0:00:19]} a6 {[%emt 0:00:43]} 7. Qxc4 {[%emt 0:00:05]} b5 {[%emt 0:00:01]} 8. Qc6 {[%emt 0:00:13]} Rb8 {[%emt 0:00:25]} 9. Bf4 {[%emt 0:00:13]} Nd5 {[%emt 0:01:34]} 10. Bg5 {[%emt 0:00:04]} Be7 {[%emt 0:00:11]} 11. Bxe7 {[%emt 0:00:03]} Qxe7 {[%emt 0:01:22]} 12. O-O {[%emt 0:01:02]} Bb7 {[%emt 0:00:12]} 13. Qc2 {[%emt 0:00:08]} c5 {[%emt 0:00:18]} 14. dxc5 {[%emt 0:00:04]} Qxc5 {[%emt 0:00:34]} 15. Qd2 {[%emt 0:04:40]} O-O {[%emt 0:03:47]} 16. Rc1 {[%emt 0:00:05]} Qb6 {[%emt 0:00:31]} 17. Nc3 {[%emt 0:00:15]} N7f6 {[%emt 0:00:34]} 18. Nxd5 {[%emt 0:00:29]} Bxd5 {[%emt 0:00:13]} 19. a3 {[%emt 0:02:35]} Rfd8 {[%emt 0:00:21]} 20. Qf4 {[%emt 0:00:55]} Bxf3 {[%emt 0:03:08]} 21. Bxf3 {[%emt 0:00:05]} Qd4 {[%emt 0:00:17]} 22. Qxd4 {[%emt 0:01:31]} Rxd4 {[%emt 0:00:00]} 23. b4 {[%emt 0:00:02]} Nd7 {[%emt 0:01:16]} 24. Rc6 {[%emt 0:01:32]} Nb6 {[%emt 0:00:10]} 25. Rac1 {[%emt 0:00:08]} g6 {[%emt 0:00:03]} 26. R1c3 {[%emt 0:00:53]} Kg7 {[%emt 0:00:33]} 27. e3 {[%emt 0:00:59]} Rd2 {[%emt 0:00:15]} 28. Kf1 {[%emt 0:00:23]} Ra2 {[%emt 0:00:08]} 29. Be2 {[%emt 0:00:15]} Ra1+ {[%emt 0:00:08]} 30. Kg2 {[%emt 0:00:02]} Ra2 {[%emt 0:00:01]} 31. Bf1 {[%emt 0:00:02]} h5 {[%emt 0:00:03]} 32. Rd6 {[%emt 0:00:06]} Nd5 {[%emt 0:00:04]} 33. Rb3 {[%emt 0:00:15]} Rb6 {[%emt 0:00:03]} 34. Rxb6 {[%emt 0:00:03]} Nxb6 {[%emt 0:00:02]} 35. Bd3 {[%emt 0:00:07]} Kf6 {[%emt 0:00:05]} 36. Kf3 {[%emt 0:00:03]} Ke5 {[%emt 0:00:01]} 37. h4 {[%emt 0:00:05]} Kd5 {[%emt 0:00:20]} 38. Rc3 {[%emt 0:00:07]} Na4 {[%emt 0:00:05]} 39. Be4+ {[%emt 0:00:03]} Ke5 {[%emt 0:00:04]} 40. Rc6 {[%emt 0:00:04]} Nb2 {[%emt 0:00:09]} 41. Rxa6 {[%emt 0:00:07]} Nd1 {[%emt 0:00:01]} 42. g4 {[%emt 0:00:10]} hxg4+ {[%emt 0:00:05]} 43. Kxg4 {[%emt 0:00:05]} Nxf2+ {[%emt 0:00:02]} 44. Kf3 {[%emt 0:00:02]} Nxe4 {[%emt 0:00:01]} 45. Rb6 {[%emt 0:00:01]} Kf5 {[%emt 0:00:16]} 46. Rxb5+ {[%emt 0:00:03]} e5 {[%emt 0:00:01]} 47. Rb7 {[%emt 0:00:12]} Rf2# {[%emt 0:00:02]} 0-1

[Event "European Online Club-ch-A 2021"]
[Site "Online"]
[Date "2021.03.27"]
[Round "1.19"]
[White "Wintzer, Joachim"]
[Black "Mitusov, Semen"]
[Result "1-0"]
[WhiteElo "2274"]
[BlackElo "2297"]
[Annotator "NA"]
[PlyCount "85"]
[EventDate "2021.03.27"]
[EventType "team-tourn"]
[EventCountry "NET"]
[SourceTitle "playchess.com"]
[Source "ChessBase"]
[SourceQuality "1"]
[TimeControl "900+5"]

1. d4 {[%emt 0:00:00]} d5 {[%emt 0:00:15]} 2. c4 {[%emt 0:00:04]} dxc4 {[%emt 0:00:17]} 3. e3 {[%emt 0:00:07]} Nf6 {[%emt 0:00:08]} 4. Bxc4 {[%emt 0:00:04]} a6 {[%emt 0:00:04]} 5. Nf3 {[%emt 0:00:11]} e6 {[%emt 0:00:05]} 6. O-O {[%emt 0:00:06]} b5 {[%emt 0:00:16]} 7. Bd3 {[%emt 0:00:14]} Bb7 {[%emt 0:00:09]} 8. a4 {[%emt 0:00:04]} b4 {[%emt 0:00:09]} 9. Nbd2 {[%emt 0:00:03]} a5 {[%emt 0:00:36]} 10. Nb3 {[%emt 0:00:09]} Nbd7 {[%emt 0:00:12]} 11. Qe2 {[%emt 0:01:33]} Ne4 {[%emt 0:01:12]} 12. Nfd2 {[%emt 0:00:45]} Nxd2 {[%emt 0:01:27]} 13. Bxd2 {[%emt 0:00:12]} Be7 {[%emt 0:00:42]} 14. Rac1 {[%emt 0:02:26]} e5 {[%emt 0:00:34]} 15. e4 {[%emt 0:00:42]} O-O {[%emt 0:00:58]} 16. Be3 {[%emt 0:02:04]} Bd6 {[%emt 0:02:35]} 17. d5 {[%emt 0:01:11]} Qe7 {[%emt 0:00:44]} 18. Rc2 {[%emt 0:00:22]} g6 {[%emt 0:00:09]} 19. Rfc1 {[%emt 0:00:41]} f5 {[%emt 0:00:12]} 20. Nc5 {[%emt 0:00:19]} fxe4 {[%emt 0:00:50]} 21. Bxe4 {[%emt 0:00:13]} Nxc5 {[%emt 0:00:38]} 22. Bxc5 {[%emt 0:00:03]} Rf7 {[%emt 0:00:12]} 23. f3 {[%emt 0:00:15]} Qd7 {[%emt 0:00:32]} 24. Qb5 {[%emt 0:00:31]} Qxb5 {[%emt 0:00:31]} 25. axb5 {[%emt 0:00:02]} Rb8 {[%emt 0:00:25]} 26. Ra1 {[%emt 0:00:26]} Ra8 {[%emt 0:00:09]} 27. Kf2 {[%emt 0:01:07]} Rd7 {[%emt 0:00:18]} 28. Ke3 {[%emt 0:00:09]} Kf7 {[%emt 0:00:06]} 29. b3 {[%emt 0:00:37]} Bxc5+ {[%emt 0:00:37]} 30. Rxc5 {[%emt 0:00:02]} Ke7 {[%emt 0:00:01]} 31. h4 {[%emt 0:00:54]} Ra7 {[%emt 0:00:44]} 32. g4 {[%emt 0:00:09]} Kd6 {[%emt 0:00:02]} 33. Rac1 {[%emt 0:00:55]} a4 {[%emt 0:00:09]} 34. bxa4 {[%emt 0:00:20]} Rxa4 {[%emt 0:00:04]} 35. b6 {[%emt 0:00:10]} Ra3+ {[%emt 0:00:19]} 36. Kf2 {[%emt 0:00:06]} b3 {[%emt 0:00:30]} 37. Rxc7 {[%emt 0:00:13]} Ba6 {[%emt 0:00:07]} 38. Rxd7+ {[%emt 0:00:05]} Kxd7 {[%emt 0:00:01]} 39. Rc7+ {[%emt 0:00:07]} Kd6 {[%emt 0:00:01]} 40. Ra7 {[%emt 0:00:02]} b2 {[%emt 0:00:07]} 41. b7 {[%emt 0:00:03]} Kc7 {[%emt 0:00:02]} 42. d6+ {[%emt 0:00:04]} Kb8 {[%emt 0:00:07]} 43. Ra8# {[%emt 0:00:03]} 1-0

[Event "European Online Club-ch-A 2021"]
[Site "Online"]
[Date "2021.03.27"]
[Round "1.20"]
[White "Vovk, Orest"]
[Black "Noetzel, Felix"]
[Result "1-0"]
[WhiteElo "2315"]
[BlackElo "2263"]
[Annotator "NA"]
[PlyCount "77"]
[EventDate "2021.03.27"]
[EventType "team-tourn"]
[EventCountry "NET"]
[SourceTitle "playchess.com"]
[Source "ChessBase"]
[SourceQuality "1"]
[TimeControl "900+5"]

1. h3 {[%emt 0:00:00]} d5 {[%emt 0:00:07]} 2. e4 {[%emt 0:00:03]} dxe4 {[%emt 0:00:06]} 3. Nc3 {[%emt 0:00:02]} Nf6 {[%emt 0:00:46]} 4. Qe2 {[%emt 0:00:05]} Bd7 {[%emt 0:01:30]} 5. Nxe4 {[%emt 0:00:11]} Nxe4 {[%emt 0:00:03]} 6. Qxe4 {[%emt 0:00:03]} Bc6 {[%emt 0:00:02]} 7. Qe3 {[%emt 0:00:35]} Nd7 {[%emt 0:01:21]} 8. Nf3 {[%emt 0:00:11]} b6 {[%emt 0:00:44]} 9. d4 {[%emt 0:00:09]} e6 {[%emt 0:00:02]} 10. Bd3 {[%emt 0:00:08]} Be7 {[%emt 0:00:30]} 11. O-O {[%emt 0:00:04]} O-O {[%emt 0:00:02]} 12. Qe2 {[%emt 0:00:21]} Bb7 {[%emt 0:00:26]} 13. Rd1 {[%emt 0:00:33]} Bf6 {[%emt 0:00:45]} 14. Ne5 {[%emt 0:00:36]} c5 {[%emt 0:01:32]} 15. Bb5 {[%emt 0:01:10]} Nb8 {[%emt 0:02:44]} 16. dxc5 {[%emt 0:01:10]} Qc7 {[%emt 0:00:39]} 17. Nd7 {[%emt 0:00:14]} Nxd7 {[%emt 0:00:21]} 18. Rxd7 {[%emt 0:00:08]} Qc8 {[%emt 0:00:04]} 19. cxb6 {[%emt 0:00:26]} axb6 {[%emt 0:00:09]} 20. c3 {[%emt 0:01:08]} Rd8 {[%emt 0:00:11]} 21. Rxd8+ {[%emt 0:00:27]} Qxd8 {[%emt 0:00:00]} 22. Qd3 {[%emt 0:00:26]} Qc7 {[%emt 0:01:18]} 23. Qd7 {[%emt 0:00:56]} Qxd7 {[%emt 0:01:13]} 24. Bxd7 {[%emt 0:00:05]} Bd5 {[%emt 0:00:24]} 25. a4 {[%emt 0:00:32]} Bb3 {[%emt 0:00:13]} 26. Be3 {[%emt 0:00:24]} Rd8 {[%emt 0:00:08]} 27. Bb5 {[%emt 0:00:08]} Rd6 {[%emt 0:00:17]} 28. Be2 {[%emt 0:01:12]} g6 {[%emt 0:00:09]} 29. Ra3 {[%emt 0:00:47]} Bc2 {[%emt 0:00:47]} 30. b4 {[%emt 0:00:23]} Kg7 {[%emt 0:00:28]} 31. a5 {[%emt 0:00:59]} bxa5 {[%emt 0:00:02]} 32. bxa5 {[%emt 0:00:03]} Be5 {[%emt 0:00:27]} 33. a6 {[%emt 0:00:16]} Bd1 {[%emt 0:00:02]} 34. Bf1 {[%emt 0:00:26]} Bc2 {[%emt 0:00:08]} 35. a7 {[%emt 0:00:23]} Rd1 {[%emt 0:00:02]} 36. a8=Q {[%emt 0:00:58]} Bd3 {[%emt 0:00:02]} 37. f4 {[%emt 0:00:08]} Rxf1+ {[%emt 0:00:11]} 38. Kh2 {[%emt 0:00:02]} Bd6 {[%emt 0:00:07]} 39. Ra1 {[%emt 0:00:26]} 1-0

[Event "European Online Club-ch-A 2021"]
[Site "Online"]
[Date "2021.03.27"]
[Round "2.1"]
[White "Horvath, Laszlo"]
[Black "Zavgorodniy, Sergiy"]
[Result "0-1"]
[WhiteElo "2183"]
[BlackElo "2418"]
[Annotator "NA"]
[PlyCount "134"]
[EventDate "2021.03.27"]
[EventType "team-tourn"]
[EventCountry "NET"]
[SourceTitle "playchess.com"]
[Source "ChessBase"]
[SourceQuality "1"]
[TimeControl "900+5"]

1. e4 {[%emt 0:00:00]} e5 {[%emt 0:00:05]} 2. Nf3 {[%emt 0:00:04]} d6 {[%emt 0:00:02]} 3. d4 {[%emt 0:00:03]} exd4 {[%emt 0:00:01]} 4. Nxd4 {[%emt 0:00:02]} Nf6 {[%emt 0:00:02]} 5. f3 {[%emt 0:00:02]} d5 {[%emt 0:00:16]} 6. exd5 {[%emt 0:00:03]} Qxd5 {[%emt 0:00:46]} 7. Qe2+ {[%emt 0:01:29]} Be7 {[%emt 0:00:13]} 8. Qb5+ {[%emt 0:00:06]} Bd7 {[%emt 0:00:52]} 9. Qxd5 {[%emt 0:00:05]} Nxd5 {[%emt 0:00:03]} 10. Nb3 {[%emt 0:01:06]} Nc6 {[%emt 0:00:39]} 11. Bd2 {[%emt 0:00:15]} Bf5 {[%emt 0:00:20]} 12. c3 {[%emt 0:00:16]} O-O-O {[%emt 0:00:07]} 13. Be2 {[%emt 0:00:50]} Rhe8 {[%emt 0:00:30]} 14. Kf2 {[%emt 0:00:22]} Ne5 {[%emt 0:02:01]} 15. f4 {[%emt 0:02:34]} Nd3+ {[%emt 0:00:39]} 16. Bxd3 {[%emt 0:00:04]} Bxd3 {[%emt 0:00:02]} 17. Re1 {[%emt 0:00:47]} Bd6 {[%emt 0:00:26]} 18. g3 {[%emt 0:01:16]} Rxe1 {[%emt 0:00:16]} 19. Bxe1 {[%emt 0:00:46]} Re8 {[%emt 0:00:09]} 20. N1d2 {[%emt 0:00:50]} Re2+ {[%emt 0:00:13]} 21. Kg1 {[%emt 0:00:06]} c5 {[%emt 0:00:41]} 22. c4 {[%emt 0:00:45]} Ne3 {[%emt 0:00:39]} 23. Bf2 {[%emt 0:00:04]} Ng4 {[%emt 0:01:55]} 24. Rf1 {[%emt 0:00:06]} b6 {[%emt 0:00:34]} 25. h3 {[%emt 0:00:26]} Nf6 {[%emt 0:00:33]} 26. Rd1 {[%emt 0:00:42]} Kc7 {[%emt 0:00:19]} 27. Nc1 {[%emt 0:00:15]} Rxd2 {[%emt 0:00:40]} 28. Rxd2 {[%emt 0:00:03]} Bxc4 {[%emt 0:00:02]} 29. b3 {[%emt 0:00:04]} Be6 {[%emt 0:00:02]} 30. Nd3 {[%emt 0:00:08]} Bxh3 {[%emt 0:00:08]} 31. Ne5 {[%emt 0:00:05]} Bxe5 {[%emt 0:00:35]} 32. fxe5 {[%emt 0:00:03]} Ne4 {[%emt 0:00:03]} 33. Re2 {[%emt 0:00:08]} Nxf2 {[%emt 0:00:03]} 34. Kxf2 {[%emt 0:00:02]} Be6 {[%emt 0:00:03]} 35. Ke3 {[%emt 0:00:05]} h5 {[%emt 0:00:05]} 36. Kf4 {[%emt 0:00:02]} a5 {[%emt 0:00:12]} 37. Kg5 {[%emt 0:00:07]} g6 {[%emt 0:00:14]} 38. Rd2 {[%emt 0:00:15]} b5 {[%emt 0:00:17]} 39. Kf4 {[%emt 0:00:18]} b4 {[%emt 0:00:08]} 40. Ke4 {[%emt 0:00:04]} Kc6 {[%emt 0:00:18]} 41. Rd8 {[%emt 0:00:23]} a4 {[%emt 0:00:07]} 42. bxa4 {[%emt 0:00:03]} Bxa2 {[%emt 0:00:04]} 43. a5 {[%emt 0:00:07]} Be6 {[%emt 0:00:29]} 44. Rd6+ {[%emt 0:00:19]} Kb7 {[%emt 0:00:10]} 45. Rb6+ {[%emt 0:00:02]} Ka7 {[%emt 0:00:18]} 46. Rb5 {[%emt 0:00:05]} b3 {[%emt 0:00:06]} 47. Kd3 {[%emt 0:00:12]} c4+ {[%emt 0:00:22]} 48. Kc3 {[%emt 0:00:02]} g5 {[%emt 0:00:03]} 49. Rb6 {[%emt 0:00:09]} h4 {[%emt 0:00:03]} 50. gxh4 {[%emt 0:00:01]} gxh4 {[%emt 0:00:02]} 51. Rd6 {[%emt 0:00:02]} h3 {[%emt 0:00:05]} 52. Rd2 {[%emt 0:00:02]} Ka6 {[%emt 0:00:48]} 53. Kb4 {[%emt 0:00:03]} c3 {[%emt 0:00:11]} 54. Kxc3 {[%emt 0:00:03]} Kxa5 {[%emt 0:00:02]} 55. Rf2 {[%emt 0:00:12]} Kb5 {[%emt 0:00:02]} 56. Re2 {[%emt 0:00:03]} Kc5 {[%emt 0:00:02]} 57. Rd2 {[%emt 0:00:02]} Bd5 {[%emt 0:00:14]} 58. Rf2 {[%emt 0:00:13]} Kc6 {[%emt 0:00:29]} 59. Kb2 {[%emt 0:00:20]} Kd7 {[%emt 0:00:12]} 60. Rh2 {[%emt 0:00:20]} Bg2 {[%emt 0:00:14]} 61. Kxb3 {[%emt 0:00:03]} Ke6 {[%emt 0:00:01]} 62. Kc3 {[%emt 0:00:03]} Kxe5 {[%emt 0:00:01]} 63. Kd2 {[%emt 0:00:02]} Kf4 {[%emt 0:00:02]} 64. Ke2 {[%emt 0:00:05]} Kg3 {[%emt 0:00:01]} 65. Rh1 {[%emt 0:00:06]} Bxh1 {[%emt 0:00:03]} 66. Kf1 {[%emt 0:00:01]} Bg2+ {[%emt 0:00:02]} 67. Kg1 {[%emt 0:00:02]} h2# {[%emt 0:00:01]} 0-1

[Event "European Online Club-ch-A 2021"]
[Site "Online"]
[Date "2021.03.27"]
[Round "2.2"]
[White "Grinev, Valeriy"]
[Black "Krieger, Markus"]
[Result "1-0"]
[WhiteElo "2441"]
[BlackElo "2050"]
[Annotator "NA"]
[PlyCount "71"]
[EventDate "2021.03.27"]
[EventType "team-tourn"]
[EventCountry "NET"]
[SourceTitle "playchess.com"]
[Source "ChessBase"]
[SourceQuality "1"]
[TimeControl "900+5"]

1. d4 {[%emt 0:00:00]} Nf6 {[%emt 0:00:04]} 2. c4 {[%emt 0:00:02]} e6 {[%emt 0:00:01]} 3. Nc3 {[%emt 0:00:01]} Bb4 {[%emt 0:00:03]} 4. e3 {[%emt 0:00:03]} c5 {[%emt 0:00:03]} 5. Nge2 {[%emt 0:00:02]} b6 {[%emt 0:00:02]} 6. a3 {[%emt 0:00:03]} Ba5 {[%emt 0:01:10]} 7. g3 {[%emt 0:00:14]} Bb7 {[%emt 0:00:11]} 8. d5 {[%emt 0:00:02]} exd5 {[%emt 0:00:12]} 9. Bg2 {[%emt 0:00:03]} O-O {[%emt 0:00:16]} 10. O-O {[%emt 0:00:03]} Bxc3 {[%emt 0:00:07]} 11. Nxc3 {[%emt 0:00:03]} Nc6 {[%emt 0:00:40]} 12. Nxd5 {[%emt 0:00:10]} Nxd5 {[%emt 0:00:07]} 13. Bxd5 {[%emt 0:00:04]} Qc7 {[%emt 0:00:55]} 14. Bd2 {[%emt 0:00:25]} Ne7 {[%emt 0:00:09]} 15. Bxb7 {[%emt 0:00:23]} Qxb7 {[%emt 0:00:00]} 16. e4 {[%emt 0:00:05]} Rfe8 {[%emt 0:00:32]} 17. Re1 {[%emt 0:00:21]} f5 {[%emt 0:00:56]} 18. e5 {[%emt 0:00:08]} Rad8 {[%emt 0:00:12]} 19. Bc3 {[%emt 0:00:04]} Qc6 {[%emt 0:00:16]} 20. Qh5 {[%emt 0:00:28]} Qg6 {[%emt 0:00:19]} 21. Qf3 {[%emt 0:01:10]} Nc6 {[%emt 0:00:48]} 22. Rad1 {[%emt 0:00:05]} Re6 {[%emt 0:00:25]} 23. Rd5 {[%emt 0:00:15]} Qf7 {[%emt 0:00:22]} 24. Red1 {[%emt 0:00:29]} g6 {[%emt 0:00:47]} 25. Qe3 {[%emt 0:00:26]} Qe8 {[%emt 0:00:59]} 26. f4 {[%emt 0:00:03]} Ne7 {[%emt 0:00:06]} 27. R5d2 {[%emt 0:00:13]} Nc8 {[%emt 0:00:13]} 28. Qf3 {[%emt 0:00:07]} Qf7 {[%emt 0:01:37]} 29. b3 {[%emt 0:00:29]} h6 {[%emt 0:01:20]} 30. h4 {[%emt 0:00:21]} Qe8 {[%emt 0:00:25]} 31. Qb7 {[%emt 0:00:20]} Re7 {[%emt 0:00:23]} 32. Qd5+ {[%emt 0:00:14]} Qf7 {[%emt 0:00:07]} 33. b4 {[%emt 0:00:15]} d6 {[%emt 0:00:49]} 34. bxc5 {[%emt 0:00:21]} bxc5 {[%emt 0:00:06]} 35. exd6 {[%emt 0:00:10]} Qxd5 {[%emt 0:00:09]} 36. dxe7 {[%emt 0:00:15]} 1-0

[Event "European Online Club-ch-A 2021"]
[Site "Online"]
[Date "2021.03.27"]
[Round "2.3"]
[White "Ferster, Fabian"]
[Black "Mitusov, Semen"]
[Result "0-1"]
[WhiteElo "2149"]
[BlackElo "2297"]
[Annotator "NA"]
[PlyCount "90"]
[EventDate "2021.03.27"]
[EventType "team-tourn"]
[EventCountry "NET"]
[SourceTitle "playchess.com"]
[Source "ChessBase"]
[SourceQuality "1"]
[TimeControl "900+5"]

1. c4 {[%emt 0:00:00]} e5 {[%emt 0:00:06]} 2. Nf3 {[%emt 0:00:07]} Nc6 {[%emt 0:00:10]} 3. Nc3 {[%emt 0:00:02]} Nf6 {[%emt 0:00:14]} 4. g3 {[%emt 0:00:03]} g6 {[%emt 0:00:30]} 5. d4 {[%emt 0:00:20]} exd4 {[%emt 0:00:21]} 6. Nxd4 {[%emt 0:00:02]} Bg7 {[%emt 0:00:28]} 7. Nc2 {[%emt 0:00:23]} O-O {[%emt 0:00:23]} 8. Bg2 {[%emt 0:00:02]} d6 {[%emt 0:00:07]} 9. O-O {[%emt 0:00:02]} h6 {[%emt 0:00:05]} 10. h3 {[%emt 0:00:18]} Be6 {[%emt 0:00:17]} 11. Nd5 {[%emt 0:00:34]} Kh7 {[%emt 0:00:24]} 12. Rb1 {[%emt 0:00:19]} a5 {[%emt 0:00:31]} 13. Bf4 {[%emt 0:00:33]} Re8 {[%emt 0:00:45]} 14. Kh2 {[%emt 0:00:53]} Bf5 {[%emt 0:00:16]} 15. Nxf6+ {[%emt 0:02:20]} Qxf6 {[%emt 0:00:10]} 16. Re1 {[%emt 0:00:03]} g5 {[%emt 0:00:33]} 17. Bd2 {[%emt 0:00:10]} Qg6 {[%emt 0:00:14]} 18. Ne3 {[%emt 0:00:57]} Bxb1 {[%emt 0:00:22]} 19. Qxb1 {[%emt 0:00:00]} Qxb1 {[%emt 0:00:24]} 20. Rxb1 {[%emt 0:00:00]} Kg6 {[%emt 0:00:47]} 21. Kg1 {[%emt 0:00:41]} f5 {[%emt 0:00:07]} 22. Kf1 {[%emt 0:00:02]} Re7 {[%emt 0:00:24]} 23. Nd5 {[%emt 0:00:07]} Rf7 {[%emt 0:00:15]} 24. g4 {[%emt 0:00:20]} Re8 {[%emt 0:00:31]} 25. Ne3 {[%emt 0:04:37]} fxg4 {[%emt 0:01:19]} 26. hxg4 {[%emt 0:00:05]} Nd4 {[%emt 0:00:06]} 27. Bxb7 {[%emt 0:00:18]} c6 {[%emt 0:00:05]} 28. Bxc6 {[%emt 0:01:12]} Nxc6 {[%emt 0:00:05]} 29. Nf5 {[%emt 0:00:01]} Rxf5 {[%emt 0:00:23]} 30. gxf5+ {[%emt 0:00:04]} Kxf5 {[%emt 0:00:01]} 31. b4 {[%emt 0:00:15]} axb4 {[%emt 0:00:13]} 32. Bxb4 {[%emt 0:00:00]} Rb8 {[%emt 0:00:08]} 33. a3 {[%emt 0:00:02]} Bc3 {[%emt 0:00:55]} 34. Rd1 {[%emt 0:00:15]} Nxb4 {[%emt 0:00:06]} 35. axb4 {[%emt 0:00:04]} Bxb4 {[%emt 0:00:01]} 36. Rd5+ {[%emt 0:00:04]} Ke6 {[%emt 0:00:05]} 37. Kg2 {[%emt 0:00:03]} Bc5 {[%emt 0:00:05]} 38. Rd2 {[%emt 0:00:06]} Rf8 {[%emt 0:00:24]} 39. e3 {[%emt 0:00:12]} Rb8 {[%emt 0:00:09]} 40. Kg3 {[%emt 0:00:06]} Rb1 {[%emt 0:00:04]} 41. Rc2 {[%emt 0:00:12]} Kf5 {[%emt 0:00:10]} 42. Kf3 {[%emt 0:00:06]} h5 {[%emt 0:00:04]} 43. e4+ {[%emt 0:00:05]} Ke6 {[%emt 0:00:04]} 44. Rd2 {[%emt 0:00:05]} h4 {[%emt 0:00:16]} 45. Rd5 {[%emt 0:00:03]} Rg1 {[%emt 0:00:03]} 0-1